| 000 | 00389nam a22001097a 4500 | ||
|---|---|---|---|
| 082 | _a006.37 COM'K | ||
| 100 |
_aKHAN, GUL NAWAZ , MUBARAB, SHAH , NAQVI, ABBAS A _967879 |
||
| 245 | _aCOMPUTER VISION AND PARALLEL PROCESSING , PROCESSING OF INTERNATIONAL WORKSHOP ON JANUARY 2-5, 1995 ISLAMABAD PAKISTAN | ||
| 260 |
_aISLAMABAD _bQUID-E-AZAM UNIVERSITY _c1995 |
||
| 300 | _a339P | ||
| 942 | _cBK | ||
| 999 |
_c575567 _d575567 |
||